<?xml version="1.0" encoding="UTF-8"?>
<record
    xmlns:xsi="http://www.w3.org/2001/XMLSchema-instance"
    xsi:schemaLocation="http://www.loc.gov/MARC21/slim http://www.loc.gov/standards/marcxml/schema/MARC21slim.xsd"
    xmlns="http://www.loc.gov/MARC21/slim">

  <leader>01158nam a2200277 a 4500</leader>
  <controlfield tag="001">BRL_1261</controlfield>
  <controlfield tag="005">20190320211121.0</controlfield>
  <controlfield tag="008">061213s1937----u--aoeb###---#000-0#eng-#</controlfield>
  <datafield tag="041" ind1=" " ind2=" ">
    <subfield code="a">eng</subfield>
  </datafield>
  <datafield tag="044" ind1=" " ind2=" ">
    <subfield code="a">u</subfield>
  </datafield>
  <datafield tag="050" ind1=" " ind2="4">
    <subfield code="a">F1435.1.U2</subfield>
    <subfield code="b">.U29 1937</subfield>
  </datafield>
  <datafield tag="245" ind1="1" ind2="0">
    <subfield code="a">Uaxactun, Guatemala</subfield>
    <subfield code="b">Group E--1926-1931</subfield>
    <subfield code="c">Part I: The excavations, by Oliver G. Ricketson, jr. Part II: The artifacts, by Edith Bayles Ricketson. Appendices by Monroe Amsden, A. Ledyard Smith [and] H.E.D. Pollock.</subfield>
  </datafield>
  <datafield tag="260" ind1=" " ind2=" ">
    <subfield code="a">Washington, D.C.</subfield>
    <subfield code="b">Carnegie Institution of Washington</subfield>
    <subfield code="c">1937</subfield>
  </datafield>
  <datafield tag="300" ind1=" " ind2=" ">
    <subfield code="a">xiii, 314 p.</subfield>
    <subfield code="b">il., 88 l&#xE1;minas, mapas, planos</subfield>
    <subfield code="c">29 cm.</subfield>
    <subfield code="e">+ 1 mapa y 1 plano plegable</subfield>
  </datafield>
  <datafield tag="440" ind1=" " ind2="0">
    <subfield code="a">Carnegie Institution of Washington. Publication</subfield>
    <subfield code="v">477</subfield>
    <subfield code="9">26308</subfield>
  </datafield>
  <datafield tag="500" ind1=" " ind2=" ">
    <subfield code="a">Au1456</subfield>
  </datafield>
  <datafield tag="500" ind1=" " ind2=" ">
    <subfield code="a">Estado f&#xED;sico: Faltan hojas al final, fueron cortadas.</subfield>
  </datafield>
  <datafield tag="504" ind1=" " ind2=" ">
    <subfield code="a">Bibliograf&#xED;a: p. 303-306.</subfield>
  </datafield>
  <datafield tag="650" ind1="1" ind2="4">
    <subfield code="a">Excavaciones arqueol&#xF3;gicas</subfield>
    <subfield code="z">Guatemala</subfield>
    <subfield code="9">26309</subfield>
  </datafield>
  <datafield tag="650" ind1="1" ind2="4">
    <subfield code="a">Mayas</subfield>
    <subfield code="x">Antig&#xFC;edades</subfield>
    <subfield code="9">9555</subfield>
  </datafield>
  <datafield tag="651" ind1=" " ind2="4">
    <subfield code="a">Uaxactun (Guatemala)</subfield>
    <subfield code="9">26310</subfield>
  </datafield>
  <datafield tag="700" ind1="1" ind2=" ">
    <subfield code="a">Ricketson, Oliver Garrison</subfield>
    <subfield code="d">1894-</subfield>
    <subfield code="9">26311</subfield>
  </datafield>
  <datafield tag="700" ind1="1" ind2=" ">
    <subfield code="a">Ricketson, Edith Bayles</subfield>
    <subfield code="d">1899-1976</subfield>
    <subfield code="9">26312</subfield>
  </datafield>
  <datafield tag="902" ind1=" " ind2=" ">
    <subfield code="a">GRL</subfield>
  </datafield>
  <datafield tag="942" ind1=" " ind2=" ">
    <subfield code="2">lcc</subfield>
    <subfield code="c">B</subfield>
  </datafield>
  <datafield tag="999" ind1=" " ind2=" ">
    <subfield code="c">10073</subfield>
    <subfield code="d">10073</subfield>
  </datafield>
  <datafield tag="952" ind1=" " ind2=" ">
    <subfield code="0">0</subfield>
    <subfield code="1">0</subfield>
    <subfield code="4">0</subfield>
    <subfield code="7">0</subfield>
    <subfield code="a">BRL</subfield>
    <subfield code="b">BRL</subfield>
    <subfield code="d">2013-12-06</subfield>
    <subfield code="i">Au1456</subfield>
    <subfield code="l">0</subfield>
    <subfield code="o">F1435.1.U2 .U29 1937 (Au1456)</subfield>
    <subfield code="p">GRL01380</subfield>
    <subfield code="r">2019-03-22 00:00:00</subfield>
    <subfield code="w">2019-03-22</subfield>
    <subfield code="y">B</subfield>
  </datafield>
</record>
